Latin Artists by Pictures 4 - Statistics

General Stats
  • This quiz has been taken 11 times
  • The average score is 10 of 20
Answer Stats
Picture Answer % Correct
Nicki Nicole
86%
Ricky Martin
86%
Residente
71%
Hector el father
57%
Jhay Cortez
57%
Jon Z
57%
Lary Over
57%
Lunay
57%
Ovi
57%
Tito el Bambino
57%
Bulin 47
43%
Marc Anthony
43%
Maria Becerra
43%
Prince Royce
43%
Snow tha Product
43%
Dalex
29%
Ken-Y
29%
Rakim
29%
Jory Boy
14%
Nova
14%
No matching quizzes found
Score Distribution
Percent of People with Each Score
Percentile by Number Answered
Your Score History
You have not taken this quiz